000 01094nam a22003137i 4500
003 EG-GICUC
005 20260121101434.0
008 251206s1952 fr ||||fr|||| 00| 0 fre d
040 _aEG-GiCUC
_bfre
_cEG-GiCUC
_dEG-GiCUC
_eRda
041 _afre
082 0 4 _221
_a341.22
_bBR . R
092 0 4 _221
099 _aLaw1 11 341.22 BR . R 1952
100 1 _aBrugière, Pierre-F.
_eAuteur
245 1 3 _aLa règle de l'unanimité des membres permanents au Conseil de Sécurité "Droit de veto" /
_cPierre-F. Brugière ; préface de Georges Scelle.
264 1 _aParis :
_bA. Pedone,
_c1952.
300 _axvi, 267 pages ;
_c 24 cm.
336 _2rda contenu
_a texte
337 _2rda medias
_aOrdinateur
338 _2 transporteur rda
_a Ressource en ligne
504 _aBibliographic references
546 _aTexte en français
650 1 4 _aSociété des Nations
_xDroit international public
_2qrmak
651 1 _2qrmak
700 1 _aScelle, Georges
_ePréfacier
856 4 0 _uhttps://fll.law.cu.edu.eg/fulltext/bks/B11-05095.pdf
905 _a75
_eHassnaa
942 _2ddc
_cBK
_e21
_n0
999 _c48667
_d48667